000 00905nam a2200181 i 4500
001 135481
003 ES-MaACL
005 20260316165933.0
007 t|
008 070718m19001909fr ||||1| fre d
100 1 _aTolstói, Lev,
_d1828-1910
_9110489
245 1 0 _aUltime paroles /
_clev Nikolaevich Tolstoï ; traduit d'apres de manuscrit par E. Halpérine-Kaminsky.
260 _aParis :
_bRenouard,
_c[entre 1900 y 1909]
505 8 _aContiene: Je ne puis me taire.--Pour suivez-moi.--Tu ne tueras point.-- La peine de mort et le christianisme.-- L'Annexion de la Bosnie.-- Aimez-vous les uns les autres.-- Appel áa la jeunesse.-- La mort d'Ivan Ylüteh.-- Le roman d'un cheval.-- Un pauvre diable.--La Religion et les religions.-- Les deux morales.-- Mon testament.
700 1 _aGal'perin-Kaminskij, Il'â Danilovic,
_d1858-1936
_9127773
852 _aES-MaACL
_jF-9722
999 _c135481
_d135481